| 000 | 00000nas 2200000za 4500 |
| 001 | 9.854671 |
| 003 | CaOODSP |
| 005 | 20250530103219 |
| 007 | cr ||||||||||| |
| 008 | 180403c20189999oncar p o f0 b0fre|d |
| 040 | |aCaOODSP|bfre |
| 043 | |an-cn--- |
| 086 | 1 |aET2-3F-PDF |
| 110 | 1 |aCanada. |bCommissariat aux conflits d'intérêts et à l'éthique. |
| 245 | 13|aLa liste de déplacements parrainés ... |h[ressource électronique]. |
| 246 | 13|aListe de déplacements parrainés ... conformément au Code régissant les conflits d'intérêts des députés |
| 260 | |aOttawa : |bCommissariat aux conflits d'intérêts et à l'éthique, |c2018- |
| 310 | |aAnnuel |
| 362 | 1 |aParaît depuis 2017. |
| 500 | |aPubl. aussi en anglais sous le titre : List of sponsored travel ... |
| 500 | |aTitre de la couv. |
| 692 | 07|2gccst|aConflit d'intérêt |
| 692 | 07|2gccst|aVoyage |
| 692 | 07|2gccst|aDéputé fédéral |
| 775 | 08|tList of sponsored travel ... |w(CaOODSP)9.854669 |
| 780 | 00|tLa liste de déplacements parrainés présentée à la Chambre des communes |w(CaOODSP)9.502784 |